UBT Library

WORSE THAN THE DISEASE PITFALLS OF MEDICAL PROGRESS (Record no. 59977)

000 -LEADER
fixed length control field 00342nam a22001457a 4500
008 - FIXED-LENGTH DATA ELEMENTS--GENERAL INFORMATION
fixed length control field 230615b ||||| |||| 00| 0 eng d
020 ## - INTERNATIONAL STANDARD BOOK NUMBER
International Standard Book Number 9780521340236
041 ## - LANGUAGE CODE
Language code of text/sound track or separate title eng
080 ## - UNIVERSAL DECIMAL CLASSIFICATION NUMBER
Universal Decimal Classification number 61
082 ## - DEWEY DECIMAL CLASSIFICATION NUMBER
Classification number 61DUT
100 ## - Rafti
Rafti 4
101 ## - Shkurtesa
Shkurtesa MJKP
245 ## - TITLE STATEMENT
Title WORSE THAN THE DISEASE PITFALLS OF MEDICAL PROGRESS
Statement of responsibility, etc DUTTON.B.D
942 ## - ADDED ENTRY ELEMENTS (KOHA)
Source of classification or shelving scheme
Item type Books
Holdings
Withdrawn status Lost status Source of classification or shelving scheme Damaged status Not for loan Collection code Permanent location Current location Date acquired Total Checkouts Full call number Barcode Date last seen Price effective from Koha item type
          Koleksioni i përgjithshem UBT - Lipjan UBT - Lipjan 06/15/2023   61DUT 002-800080597 06/15/2023 06/15/2023 Books
UBT Library © 2015-2024. All rights reserved University Education for Business and Technology